Odpisovanie prenajatého majetku nájomcom

Spôsob odpisovania prenajatého majetku nájomcom. Postup pri účtovaní prenajatého majetku. Právny titul pre odpisovanie majetku nájomcom. Podmienky odpisovania majetku. Osobitné prípady odpisovania majetku.

Na minha lista:
Detalhes bibliográficos
Autor principal: Fekete, Imrich
Formato: Capítulo de Livro
Idioma:eslovaco
Assuntos:
Tags: Adicionar Tag
Sem tags, seja o primeiro a adicionar uma tag!

MARC

LEADER 00000naa a2200000 4500
001 r032287
005 20230926072522.3
041 0 |a slo 
044 |a SK 
245 1 0 |a Odpisovanie prenajatého majetku nájomcom  |c Imrich Fekete 
520 |a Spôsob odpisovania prenajatého majetku nájomcom. Postup pri účtovaní prenajatého majetku. Právny titul pre odpisovanie majetku nájomcom. Podmienky odpisovania majetku. Osobitné prípady odpisovania majetku. 
610 2 0 |a odpisy 
610 2 0 |a majetok hmotný 
610 2 0 |a účtovanie 
610 2 0 |a majetok nehmotný 
610 2 0 |a prenájom zmluvný 
610 2 0 |a zmluvy nájomné 
100 1 |a Fekete, Imrich